| 000 | 00510nam a22001937a 4500 | ||
|---|---|---|---|
| 003 | PILC | ||
| 005 | 20160314154214.0 | ||
| 008 | 130926t xxu||||| |||| 00| 0 eng d | ||
| 020 | _a0525946241 | ||
| 050 |
_aPS 3569 _b.Sp757 2002 |
||
| 100 | _aSpinka, Penina Keen. | ||
| 245 |
_aPicture maker _cPenina Keen Spinka |
||
| 260 |
_aNew York : _bDutton, _cc2002. |
||
| 300 |
_a464 p. : _c22 cm. |
||
| 651 |
_aNorthmen _xFiction. |
||
| 651 | _aHistorical fiction. | ||
| 942 |
_2lcc _cBK |
||
| 999 |
_c12167 _d12167 |
||